000 00577nam a2200217 a 4500
999 _c10458
_d10458
001 10458
003 BD-JhCC
005 20180428111327.0
008 180428s1966 u |||| || | 000 0 eng d
035 _a(BD-JhCC)10458
040 _aBD-JhCC
_dBD-JhCC
041 _aeng
082 _a812.52
_bCLA 1966
100 _aClark, Peter
245 _aThe Emperor Jones & The Hairy Ape :
_b Notes
_cClark, Peter
260 _aUSA :
_bCliff's Notes
_c1966
300 _a58 p. :
_c21 cm.
650 _aMourning becomes Electra (O'Neill, Eugene)
942 _2ddc
_cBK